| 000 | 00537nam a2200193Ia 4500 | ||
|---|---|---|---|
| 003 | GCL | ||
| 008 | 140319s9999 xx 000 0 eng d | ||
| 040 |
_aGCL / _cGCL |
||
| 082 | 0 | 4 |
_a621.56 _bJ R |
| 100 | 1 | _aJAIN, V. K. | |
| 245 | 1 | 0 |
_aREFRIGERATION AND AIRCONDITIONING, THEORY AND PRACTICE / _cJAIN, V. K. |
| 260 |
_a[S.N] : _bS. CHAND & COMPANY HRD ، _c1986 |
||
| 300 | _a760 P | ||
| 650 | 0 | 4 | _aMECHANICS ENGINEERING |
| 650 | 0 | 4 | _aELECTRIC ENGINEERING |
| 650 | 0 | 4 | _aREFRIGERATION |
| 650 | 0 | 4 | _aAIR - CONDITION |
| 942 |
_2ddc _cBK |
||
| 999 |
_c19819 _d19819 |
||